Statistics for Emmy Best Drama Series

Click here to take the quiz!

General Stats

  • This quiz has been taken 776 times
  • The average score is 16 of 61

Answer Stats

YearTV Show% Correct
1996ER
73%
2007The Sopranos
73%
2004The Sopranos
73%
2011Mad Men
63%
2009Mad Men
63%
2008Mad Men
63%
2010Mad Men
63%
1997Law & Order
59%
2003The West Wing
51%
2002The West Wing
51%
2001The West Wing
51%
2000The West Wing
51%
1995NYPD Blue
47%
1982Hill Street Blues
46%
1983Hill Street Blues
46%
1984Hill Street Blues
46%
1981Hill Street Blues
46%
2005Lost
46%
1991L.A. Law
41%
1990L.A. Law
41%
1989L.A. Law
41%
1987L.A. Law
41%
1998The Practice
34%
1999The Practice
34%
200624
32%
1957Gunsmoke
27%
1994Picket Fences
24%
1993Picket Fences
24%
1988thirtysomething
19%
1986Cagney & Lacey
18%
1985Cagney & Lacey
18%
1980Lou Grant
17%
1979Lou Grant
17%
1973The Waltons
17%
1970Marcus Welby, M.D.
16%
1992Northern Exposure
14%
1978The Rockford Files
14%
1966The Fugitive
11%
1968Mission: Impossible
10%
1967Mission: Impossible
10%
1964The Defenders
8%
1965The Defenders
8%
1963The Defenders
8%
1977Upstairs, Downstairs
8%
1974Upstairs, Downstairs
8%
1975Upstairs, Downstairs
8%
1960Playhouse 90
7%
1958Playhouse 90
7%
1961Playhouse 90
7%
1976Police Story
7%
1971The Bold Ones: The Senator
4%
1972Elizabeth R
3%
1969NET Playhouse
3%
1952Studio 1
3%
1959Alcoa-Goodyear Theatre
2%
1962Hallmark Hall of Fame: Macbeth
2%
1956Producers' Showcase
2%
1951Pulitzer Prize Playhouse
2%
1953Robert Montgomery Presents
2%
1955U.S. Steel Hour
2%
1954U.S. Steel Hour
2%

Score Distribution

Percentile by Number Answered

Percent of People with Each Score

Your Score History

You have not taken this quiz